The Wonderful World of Wine - Statistics

General Stats
  • This quiz has been taken 11,167 times
  • The average score is 12 of 18
Answer Stats
Hint Answer % Correct
Who is credited with the miracle of turning water into wine? Jesus
94%
What country does Rioja wine come from? Spain
93%
What famous California wine valley starts with the letter N? Napa
86%
If you buy a bottle of Dom Pérignon, what type of wine are you buying? Champagne
85%
What is the term for a place where wine is grown? Vineyard
85%
What is the English translation of the Roman phrase "in vino veritas"? In wine, {truth}
78%
What French word, meaning "castle", also refers to a wine-growing estate? Château
77%
How many milliliters in size is a typical wine bottle? 750
69%
In what modern-day country did the Vikings found the settlement of Vinland? Canada
66%
What tiny nation consumes 74 liters of wine per person per year, the most of any country? Vatican City
65%
What is the most commonly-grown wine grape in France? (hint: starts with M) Merlot
63%
Who was the Greek god of wine? Dionysus
57%
What country's wines are made mostly from Malbec grapes? Argentina
52%
What is the name for a wine bottle that is twice the normal size? Magnum
49%
On what Jewish holiday is it customary to drink four glasses of wine with dinner? Passover
48%
What did the Romans use to sweeten their wine which might have caused brain damage? Lead
46%
What liquor is produced by distilling wine? Brandy
40%
What type of Italian wine is traditionally packaged in a bottle inside a straw basket, known as a "fiasco"? Chianti
33%
No matching quizzes found
Score Distribution
Percent of People with Each Score
Percentile by Number Answered
Your Score History
You have not taken this quiz